Parctical MATLAB : (Record no. 592235)
[ view plain ]
| 000 -LEADER | |
|---|---|
| fixed length control field | 00959nam a22001817a 4500 |
| 003 - CONTROL NUMBER IDENTIFIER | |
| control field | NUST |
| 005 - DATE AND TIME OF LATEST TRANSACTION | |
| control field | 20221103103925.0 |
| 008 - FIXED-LENGTH DATA ELEMENTS--GENERAL INFORMATION | |
| fixed length control field | 221103b ||||| |||| 00| 0 eng d |
| 020 ## - INTERNATIONAL STANDARD BOOK NUMBER | |
| International Standard Book Number | 9781484252802 |
| 082 ## - DEWEY DECIMAL CLASSIFICATION NUMBER | |
| Classification number | 620.00151,TUR |
| 100 ## - MAIN ENTRY--PERSONAL NAME | |
| Personal name | Turk, Irfan |
| 9 (RLIN) | 102289 |
| 245 ## - TITLE STATEMENT | |
| Title | Parctical MATLAB : |
| Remainder of title | with modeling, simulation and processing projects / |
| Statement of responsibility, etc. | Irfan Turk, |
| 260 ## - PUBLICATION, DISTRIBUTION, ETC. | |
| Place of publication, distribution, etc. | Apress |
| Name of publisher, distributor, etc. | Turkey |
| Date of publication, distribution, etc. | 2019 |
| 300 ## - PHYSICAL DESCRIPTION | |
| Extent | xvii, 297 p |
| 505 ## - FORMATTED CONTENTS NOTE | |
| Formatted contents note | Introduction to MATLAB (Page-1), Fundamentals of MATLAB Language (Page-41), Economic Modeling (Page-73), Numerical Methods (Page-87), Applications in Simulation (Page-105), Basic Statistics and Data Analysis (Page-121), Data Visualization and Animation (Page-133), Computational Biology (Page-147), Signal Processing (Page-185), Image Processing (page-209), Introduction to Sound Processing (Page-259), Applications with Graphical User Interfaces (Page-271), |
| 650 ## - SUBJECT ADDED ENTRY--TOPICAL TERM | |
| Topical term or geographic name entry element | Parctical MATLAB |
| 9 (RLIN) | 102290 |
| 942 ## - ADDED ENTRY ELEMENTS (KOHA) | |
| Source of classification or shelving scheme | |
| Koha item type | Book |
| Withdrawn status | Lost status | Source of classification or shelving scheme | Damaged status | Not for loan | Permanent Location | Current Location | Shelving location | Date acquired | Full call number | Barcode | Date last seen | Price effective from | Koha item type | Public note |
|---|---|---|---|---|---|---|---|---|---|---|---|---|---|---|
| Military College of Signals (MCS) | Military College of Signals (MCS) | General Stacks | 11/03/2022 | 620.00151,TUR | MCS38350 | 11/03/2022 | 11/03/2022 | Book | Almirah Fresh No.45, Shelf No.1 |
